Loading...
| Auditory Arts | 6 | 3.33 | 17% | 0% | 17% |
| Beliefs | 3 | 16.67 | 100% | 67% | 0% |
| Current Events | 3 | 10.00 | 67% | 33% | 0% |
| Fine Arts - Other Arts | 2 | 5.00 | 50% | 0% | 0% |
| Geography | 1 | 10.00 | 100% | 0% | 0% |
| History - American History | 1 | 10.00 | 100% | 0% | 0% |
| History - Ancient History | 3 | 3.33 | 33% | 0% | 0% |
| History - European History | 1 | 0.00 | 0% | 0% | 0% |
| History - Other History | 2 | 0.00 | 0% | 0% | 0% |
| History - World History | 5 | 8.00 | 60% | 20% | 0% |
| Literature - American Literature | 3 | 0.00 | 0% | 0% | 0% |
| Literature - British Literature | 5 | 10.00 | 80% | 20% | 0% |
| Literature - World Literature | 3 | 6.67 | 33% | 33% | 0% |
| Other Academic | 1 | 0.00 | 0% | 0% | 0% |
| Philosophy | 3 | 3.33 | 33% | 0% | 0% |
| Science - Biology | 4 | 17.50 | 100% | 75% | 0% |
| Science - Chemistry | 2 | 10.00 | 100% | 0% | 0% |
| Science - Other Science | 2 | 10.00 | 100% | 0% | 0% |
| Science - Physics | 2 | 10.00 | 100% | 0% | 0% |
| Social Science | 3 | 0.00 | 0% | 0% | 0% |
| Visual Arts | 2 | 5.00 | 50% | 0% | 0% |